000 005160000a22001930004500
001 003939
003 MACL
005 20150823152832.0
008 150823b xxu||||| |||| 00| 0 eng d
040 _aMACL
_cMACL
041 _aEnglish
082 _a658.312/KUN
100 _aKundu, Subhash C.
_97143
245 _aComparative Human Resources Management
_bIndia & Japan
_cSubhash C. Kundu
260 _aNew Delhi
_c2000
_bMittal Publications,
350 _a350
650 _aManagement
_97144
942 _k658
_cBK
_2ddc
999 _c15832
_d15832